| 000 | 00551nam a2200181Ia 4500 | ||
|---|---|---|---|
| 999 |
_c14678 _d14678 |
||
| 003 | OSt | ||
| 005 | 20201019110706.0 | ||
| 008 | 190216s9999||||xx |||||||||||||| ||und|| | ||
| 020 | _a9780718177362 | ||
| 040 | _coclc | ||
| 082 |
_a306.8743092 _bMEL/C |
||
| 100 |
_aMelton, Glennon _95882 |
||
| 245 | 0 |
_aCarry On, Warrior: _bThe Real Truth About Being a Woman / _cGlennon Melton |
|
| 260 |
_bPenguin Books, _c2013. _aEngland: |
||
| 300 | _a267p | ||
| 650 | _aEnglish | ||
| 942 |
_cBK _2ddc _h306.8743092 _iMEL/C _k306.8743092 _mMEL/C |
||